Arctic Monkeys Songs - Statistics

General Stats
  • This quiz has been taken 2,745 times
  • The average score is 39 of 80
Answer Stats
Album Answer % Correct
Favourite Worst Nightmare 505
90%
AM Do I Wanna Know?
85%
AM R U Mine?
78%
AM Arabella
75%
AM I Wanna Be Yours
74%
Suck It and See Suck It and See
71%
AM Knee Socks
70%
Favourite Worst Nightmare Brianstorm
69%
Favourite Worst Nightmare Teddy Picker
69%
Whatever People Say I Am, That's What I'm Not I Bet You Look Good on the Dancefloor
68%
Whatever People Say I Am, That's What I'm Not Mardy Bum
68%
Humbug Crying Lightning
67%
Favourite Worst Nightmare Fluorescent Adolescent
67%
AM Why’d You Only Call Me When You’re High?
67%
The Car The Car
65%
AM No. 1 Party Anthem
64%
Humbug Cornerstone
62%
AM Fireside
62%
AM Snap Out of It
61%
Whatever People Say I Am, That's What I'm Not When the Sun Goes Down
59%
Favourite Worst Nightmare Old Yellow Bricks
58%
Tranquility Base Hotel & Casino Tranquility Base Hotel & Casino
57%
Favourite Worst Nightmare Balaclava
56%
AM One for the Road
56%
Whatever People Say I Am, That's What I'm Not Riot Van
56%
Whatever People Say I Am, That's What I'm Not A Certain Romance
54%
The Car Body Paint
54%
AM Mad Sounds
54%
Whatever People Say I Am, That's What I'm Not Dancing Shoes
52%
Favourite Worst Nightmare D is for Dangerous
52%
Whatever People Say I Am, That's What I'm Not Fake Tales of San Francisco
52%
Tranquility Base Hotel & Casino Four Out of Five
52%
Humbug My Propeller
52%
Whatever People Say I Am, That's What I'm Not The View from the Afternoon
51%
Favourite Worst Nightmare Do Me a Favour
49%
Favourite Worst Nightmare Only Ones Who Know
49%
The Car There'd Better Be a Mirrorball
49%
Whatever People Say I Am, That's What I'm Not From the Ritz to the Rubble
47%
Suck It and See Piledriver Waltz
47%
Favourite Worst Nightmare This House is a Circus
47%
Humbug Pretty Visitors
46%
Humbug Secret Door
46%
Suck It and See She's Thunderstorms
46%
AM I Want It All
45%
Suck It and See Black Treacle
43%
Humbug The Jeweller's Hands
42%
Tranquility Base Hotel & Casino The Ultracheese
42%
Humbug Dangerous Animals
41%
Favourite Worst Nightmare The Bad Thing
41%
Suck It and See Brick by Brick
40%
Suck It and See Love Is a Laserquest
40%
Tranquility Base Hotel & Casino Star Treatment
40%
Suck It and See Don't Sit Down 'Cause I've Moved Your Chair
39%
Whatever People Say I Am, That's What I'm Not Red Light Indicates Doors Are Secured
39%
Favourite Worst Nightmare If You Were There, Beware
37%
Whatever People Say I Am, That's What I'm Not Still Take You Home
37%
Whatever People Say I Am, That's What I'm Not Perhaps Vampires Is a Bit Strong But...
36%
Tranquility Base Hotel & Casino Batphone
35%
Suck It and See Library Pictures
35%
Whatever People Say I Am, That's What I'm Not You Probably Couldn't See for the Lights But You Were Staring Straight at Me
35%
Tranquility Base Hotel & Casino One Point Perspective
34%
The Car Mr Schwartz
34%
Humbug Potion Approaching
34%
Humbug Dance Little Liar
33%
Humbug Fire and the Thud
33%
The Car Sculptures of Anything Goes
33%
Suck It and See The Hellcat Spangled Shalalala
33%
Tranquility Base Hotel & Casino American Sports
32%
The Car Jet Skis on the Moat
31%
The Car Hello You
30%
Suck It and See That's Where You're Wrong
30%
Tranquility Base Hotel & Casino The World’s First Ever Monster Truck Front Flip
30%
The Car Big Ideas
29%
Suck It and See Reckless Serenade
29%
Tranquility Base Hotel & Casino Golden Trunks
28%
The Car I Ain't Quite Where I Think I Am
28%
The Car Perfect Sense
28%
Tranquility Base Hotel & Casino She Looks Like Fun
28%
Suck It and See All My Own Stunts
26%
Tranquility Base Hotel & Casino Science Fiction
26%
No matching quizzes found
Score Distribution
Percent of People with Each Score
Percentile by Number Answered
Your Score History
You have not taken this quiz